| 000 | 00771nam a2200241Ii 4500 | ||
|---|---|---|---|
| 003 | JO-AjNU | ||
| 008 | 230605s9999||||xx |||||||||||||| ||und|| | ||
| 017 | _a2006/13300 | ||
| 020 | _a977-287-635-3 | ||
| 040 |
_aJO-AjNU _bara _erda _cJO-AjNU |
||
| 041 | _aara | ||
| 050 | 1 | 4 | _aT385 2006 |
| 100 | 3 |
_aعبدالحافظ،محمد كامل, _eauthor _927897 |
|
| 245 | 0 | 0 | _aتعلم واحترف ADOBE inDesign cs2 |
| 250 | _aط1 | ||
| 264 | 3 | 1 | _aالقاهرة:دار الكتب العلمية ،2006 |
| 300 | _a512ص | ||
| 336 |
_atext _btxt _2rdacontent |
||
| 337 |
_aunmediated _bn _2rdamedia |
||
| 338 |
_avolume _bnc _2rdacarrier |
||
| 490 | 0 | _aسلسلة الرضا للمعلومات | |
| 650 | 4 |
_aالحاسبات الالكترونية-لغات _927898 |
|
| 999 |
_aA10755 _c14323 _d14323 |
||